| 000 | 00649nam a2200157 a 4500 | ||
|---|---|---|---|
| 001 | 000013429 | ||
| 003 | DO-SdBNP | ||
| 005 | 20210601165349.0 | ||
| 008 | 091124s1977 dr r 000 0 spa d | ||
| 040 |
_aDO-SdBNP _bspa _cBNPHU |
||
| 082 |
_axxxx _bD611p |
||
| 245 | 0 | 0 |
_aDiscurso : _bpronunciado por el Secretario de Estado de Relaciones Exteriores, Comodoro Ramón Emilio Jiménez con motivo de la entrega al excelentícimo señor Presidente de la República , Dr. Joaquín Balaguer /. |
| 260 |
_aSanto Domingo : _bSecretaría de Estado de Relaciones Exteriores, _c1977. _fLa Isabela |
||
| 300 |
_a22 p. : _bil., retrs. ; _c25 cm. |
||
| 942 |
_2ddc _cLBS1 |
||
| 999 |
_c13055 _d13055 |
||